000 02014nam0a22003611 4500
001 rc\4091284
005 20130415161022.3
021 _aRU
_b[49-20953]
035 _a(NLR Aleph) 008132510
090 _a9432928
_c9432928
100 _a20130415d1949 |||y0rusy50 ca
101 0 _arus
102 _aRU
105 _aab z |||||
200 1 _aИз дневников кругосветного путешествия (по Корее, Маньчжурии и Ляодунскому полуострову)
_f[Под ред., со вступ. статьей "Н.Г. Гарин-Михайловский и его путешествие вокруг света", с. 3-36 и коммент. В.Т. Зайчикова]
205 _aСокр. изд.
210 _aМосква
_cГос. изд-во геогр. лит.
_d1949
_g6-я тип. Главполиграфиздата
215 _a404 с., 4 л. ил.
_cил., карт.
_d21
300 _aПеред загл. авт.: Н.Г. Гарин
327 0 _aВ кн. также: Корейский фольклор. [Тексты]
464 0 _12001#$aКорейский фольклор$e[Тексты]
604 _150010$aН.Г. Гарин-Михайловский и его путешествие вокруг света
_1700#1$aЗайчиков$bВ.Т.$gВладимир Тимофеевич
606 _aМорские путешествия, кругосветные, русские
_z19 в.
_jВоспоминания и записки
_2psbo
606 _aКорейский фольклор
_2psbo
607 _aМаньчжурия
_xПутешествия
_2psbo
607 _aКорея
_xПутешествия
_2psbo
700 1 _aГарин-Михайловский
_bН. Г.
_f1852-1906
_gНиколай Георгиевич
702 1 _aЗайчиков
_bВ. Т.
_gВладимир Тимофеевич
_4340
_4080
_4212
801 0 _aRU
_bNLR
_gpsbo
801 1 _aRU
_bELAR
_2rusmarc
852 _aNLR
_jГ02 Г-3/56
942 _cBOOK
980 _aNB